| 000 | 00641nam a2200205Ia 4500 | ||
|---|---|---|---|
| 008 | 191130s2009##################000#0#eng## | ||
| 020 | _a9780099529750 | ||
| 040 |
_aACL _cACL |
||
| 082 | _a390.0944 BAR | ||
| 100 | _aBarthes, Roland | ||
| 245 |
_aMythologies _cRoland Barthes ; selected and translated from th efrench by Annette Levers with an introduction by Neil Badmington |
||
| 260 |
_aLondon _bVintage Books _cc2009 |
||
| 300 | _axx, 187 p. ; 23 cm | ||
| 650 | _aManners and customs | ||
| 650 | _aSemiotics | ||
| 650 | _aSigns and symbols | ||
| 990 | _a9fe0f81fac10000c56ce7a0af66c24d4 | ||
| 991 | _a212996 | ||
| 999 |
_c381575 _d381575 |
||